Essentials of business information systems / (Record no. 8701)

MARC details
000 -LEADER
fixed length control field 00799nac a22002291u 4500
010 ## - LIBRARY OF CONGRESS CONTROL NUMBER
LC control number 2006005781
020 ## - INTERNATIONAL STANDARD BOOK NUMBER
International Standard Book Number 0132277816 :
035 ## - SYSTEM CONTROL NUMBER
System control number (OCoLC)ocm64427391
082 00 - DEWEY DECIMAL CLASSIFICATION NUMBER
Classification number 658.4038011
Item number LAU
090 ## - LOCALLY ASSIGNED LC-TYPE CALL NUMBER (OCLC); LOCAL CALL NUMBER (OCLC)
-- 8701
-- 8701
100 ## - MAIN ENTRY--PERSONAL NAME
Personal name Laudon, Kenneth C.,
245 10 - TITLE STATEMENT
Title Essentials of business information systems /
Statement of responsibility, etc Kenneth C. Laudon, Jane P. Laudon.
250 ## - EDITION STATEMENT
Edition statement 7th ed.
260 ## - PUBLICATION, DISTRIBUTION, ETC. (IMPRINT)
Place of publication, distribution, etc Upper Saddle River, N.J. :
Name of publisher, distributor, etc Pearson/Prentice Hall,2007.
Date of publication, distribution, etc c2007.
300 ## - PHYSICAL DESCRIPTION
Extent xxviii, 433, [38] p. :
Other physical details col. ill. ;
Dimensions 29 cm.
500 ## - GENERAL NOTE
General note Distributer: Bacca
504 ## - BIBLIOGRAPHY, ETC. NOTE
Bibliography, etc Includes bibliographical references and index.
511 ## - PARTICIPANT OR PERFORMER NOTE
Participant or performer note Catalogued by: Sara
650 #0 - SUBJECT ADDED ENTRY--TOPICAL TERM
Topical term or geographic name as entry element Management information systems.
700 1# - ADDED ENTRY--PERSONAL NAME
Personal name Laudon, Jane Price.
942 ## - ADDED ENTRY ELEMENTS (KOHA)
Item type NB - Book (Non borrowing)
Call number prefix 658.4038011LAU
Holdings
Withdrawn status Item status Damaged status Not for loan Home library Current library Shelving location Date acquired Source of acquisition Total Checkouts Full call number Barcode Date last seen Koha item type
        Central Library Central Library First floor 18/03/2008 Purchase   658.4038011LAU 000010633 15/07/2025 NB - Book (Non borrowing)